| 000 | 00638nam a2200181Ia 4500 | ||
|---|---|---|---|
| 008 | 100921s9999 xx 000 0 und d | ||
| 082 |
_b37874 _a891.463 0 |
||
| 100 | _aमाडगूळकर ग.दि. | ||
| 245 | _aभाताचे फूल. | ||
| 260 |
_bकुलकर्णी पंडित अनंत,पुणे. _c0 |
||
| 300 |
_a146 _bराधिका एंटरप्रायजेस,सातारा |
||
| 365 | _b125 | ||
| 520 | _aललित-कथा. | ||
| 630 | _aभाताचे फूल. | ||
| 650 | _aललित-कथा. | ||
| 730 | _aभाताचे फूल. | ||
| 942 | _cBOOK | ||
| 999 |
_c786987 _d786984 |
||